000
00230nam a22000857a 4500
008
160708b xxu||||| |||| 00| 0 eng d
100
_9
2438
_a
Om Kidz
245
_a
365 Panchatantra Stories
260
_a
New Delhi
_b
Om kidz publication
_c
2012
999
_c
2110
_d
2110